| 000 | 01635cam a22002895a 4500 | ||
|---|---|---|---|
| 001 | 16924590 | ||
| 005 | 20201128024010.0 | ||
| 008 | 110817t2012 maua fr 001 0 eng d | ||
| 020 | _a9781597496476 | ||
| 040 |
_aDLC _cDLC _dYDX _dBTCTA _dYDXCP _dBWX _dCDX _dDLC _dEG-ScBUE _beng |
||
| 082 | 0 | 4 |
_a004.6782 _222 _bLAS |
| 100 | 1 | _aLaszewski, Tom. | |
| 245 | 1 | 0 |
_aMigrating to the cloud : _bOracle client/server modernization / _cTom Laszewski, Prakash Nauduri ; editor Ward Spangenberg. |
| 260 |
_aWaltham : _bSyngress / Elsevier, _cc.2012. |
||
| 300 |
_axxiv, 369 p. : _bill. ; _c24 cm. |
||
| 500 | _aIndex : p. 341-369. | ||
| 505 | 0 | _aMigrating to the cloud : client/server migrations to the Oracle cloud -- Identifying the level of effort and cost -- Methodology and design -- Relational migration tools -- Database schema and data migration -- Database stored object migration -- Application migration/porting due to database migration -- Migrating applications to the cloud -- Service enablement of client/server applications -- Oracle database cloud infrastructure planning and implementation -- Sybase migrations from a systems integrator perspective, and case study -- Application migration : Oracle forms to Oracle application development -- Application migration : Powerbuilder to Oracle Apex. | |
| 630 | 7 |
_aOracle (Computer file) _93065 |
|
| 650 | 7 |
_aCloud computing. _2BUEsh _937309 |
|
| 650 | 7 |
_aSystems migration. _2BUEsh |
|
| 650 | 7 |
_aClient/server computing. _2BUEsh _933834 |
|
| 651 | _2BUEsh | ||
| 653 |
_bCOMSCI _cNovember2016 |
||
| 700 | 1 | _aNauduri, Prakash. | |
| 700 | 1 |
_aSpangenberg, Ward, _eeditor. |
|
| 942 | _2ddc | ||
| 999 |
_c23198 _d23170 |
||